000
00241nam a22001217a 4500
041
_a
ENG
100
_a
Grishin .M.M
245
_a
Hydraulc Tructure
260
_a
Delhi
_b
Mir Publishers
_c
1979
300
_a
468
650
_a
48
856
_u
48
999
_c
3122
_d
3122